000 00315nam a22001337a 4500
008 170425b xxu||||| |||| 00| 0 eng d
020 _a0306305690
041 _aeng
080 _a54
100 _a12
101 _aSHM
245 _aPHYSICAL CHEMISTRY OF ORGANIC SOLVENT SYSTEMS
_cCOVINGTON, A.K
942 _2udc
_cBK
999 _c11895
_d11895